MARC Record
Leader
003
BE-GnUNI
007
't'u
035
a| (MSK)310025596
084
a| XII.PADOVA.MUSEO CIVICO.1957
100
1
a| Grossato, Lucio
245
0
3
a| Il Museo Civico di Padova :
b| dipinti e sculture dal XIV al XIX secolo.
260
a| Venezia :
b| Neri Pozza Editore,
c| 1957.
300
a| 203 p. :
b| ill.
490
0
a| Cataloghi di racolte d'arte
v| 2
546
a| Italiaans
500
a| Museumcatalogus
650
7
a| Museo Civico di Padova (Padova).
2| z
852
4
b| MSK
c| MSK
j| XII.PADOVA.MUSEO CIVICO.1957
920
a| boek
001
000025166
005
20241224121635.0